000 00473pab a2200181 454500
008 180718b1980 xxu||||| |||| 00| 0 eng d
100 _aJain, R.B.
245 _aNationalism, internationalism and world order (Review article)
260 _c1980
300 _ap.857-865.
362 _aJul-Sep
650 _aReview article
650 _aInternationalism
650 _aNationalism
773 _aIndian Journal of Public Administration
908 _aN
909 _a88506
999 _c88506
_d88506